Canciones de Nirvana - ¡Muerte Súbita! - Estadísticas

Estadísticas generales
  • Esta prueba ha sido intentada 158 veces
    124 desde el último reinicio
  • La puntuación promedio es 10 de 20
Answers on the Grid
Answers color-coded by a green-red scale on the quiz's grid according to % correct below.
About A Girl
All Apologies
Breed
Buddy Holly
Come As You Are
Don't Stop Me Now
Drain You
Dumb
Even Flow
Get It On
Heart-Shaped Box
I Was Born To Love You
In Bloom
Innuendo
Iron Man
Lithium
Lounge Act
Man In The Box
Milk It
Moonage Daydream
Nevermind
Nevermore
Pennyroyal Tea
Polly
Rape Me
Rooster
School
Sliver
Smells Like Teen Spirit
Something In The Way
Stay Away
The Charming Man
Very Ape
 
Estadísticas de respuestas
Respuesta % Correcto
Come As You Are
90%
About A Girl
83%
Heart-Shaped Box
75%
Lithium
73%
All Apologies
71%
In Bloom
67%
Drain You
63%
Smells Like Teen Spirit
60%
Dumb
58%
Breed
54%
Rape Me
44%
Something In The Way
44%
Polly
38%
Lounge Act
33%
Sliver
27%
Milk It
21%
Pennyroyal Tea
21%
Stay Away
21%
School
19%
Very Ape
17%
No se encontraron pruebas coincidentes
Distribución de puntuación
Porcentaje de gente con cada puntuación
Porcentaje por número respondido
Historial de tus puntuaciones
No has intentado esta prueba desde el último reinicio